[Event "SLO-ch U14"]
[Site "Murska Sobota"]
[Date "2007.02.27"]
[Round "4"]
[White "Brcar, Ales"]
[Black "Belsak, Aljaz"]
[Result "1/2-1/2"]
[WhiteElo "1616"]
[BlackElo "1500"]
[PlyCount "45"]
[EventDate "2007.02.25"]
[EventType "swiss"]
[EventRounds "9"]
[EventCountry "SLO"]
[SourceTitle "CBM 117 Extra"]
[Source "ChessBase"]
[SourceDate "2007.05.09"]
[SourceVersion "1"]
[SourceVersionDate "2007.05.09"]
[SourceQuality "1"]

1. e4 e6 2. d4 d5 3. exd5 Qxd5 4. Nc3 Qa5 5. a3 c6 6. Nf3 Nf6 7. Bd3 c5 8. dxc5 Bxc5 9. 0-0 0-0 10. Bg5 Qd8 11. Ne4 Be7 12. Qe2 Nd5 13. Rad1 Bxg5 14. Nexg5 h6 15. Nh3 Nd7 16. Ne5 N5f6 17. Bb5 a6 18. Bd3 Kh8 19. Nf4 Nxe5 20. Qxe5 Ng4 21. Qe4 Nf6 22. Qe5 Ng4 23. Qe4 1/2-1/2